Nowe warunki inwestowania kapitalu zagranicznego w Polsce.

Poľský zákon o spoločnostiach s účasťou zahraničného kapitálu - Dz.U.č. 60/91, pol. 253 - ktorý platí od 4. júla 1991. Charakteristika zákona - zrušenie administratívnych obmedzení pri zakladaní takýchto spoločností, kontrola činnosti spoločností, zásady investícií, transfer zisku, odškodnenie inves...

Descrizione completa

Salvato in:
Dettagli Bibliografici
Autore principale: Piotrowski, Z.
Natura: Capitolo di libro
Lingua:polacco
Soggetti:
Tags: Aggiungi Tag
Nessun Tag, puoi essere il primo ad aggiungerne!!

MARC

LEADER 00000naa a2200000 4500
001 r006650
005 20221125123140.0
041 0 |a pol 
044 |a PL 
245 1 0 |a Nowe warunki inwestowania kapitalu zagranicznego w Polsce.  |c Z. Piotrowski 
520 |a Poľský zákon o spoločnostiach s účasťou zahraničného kapitálu - Dz.U.č. 60/91, pol. 253 - ktorý platí od 4. júla 1991. Charakteristika zákona - zrušenie administratívnych obmedzení pri zakladaní takýchto spoločností, kontrola činnosti spoločností, zásady investícií, transfer zisku, odškodnenie investorov, možnosti tax credits a iné. 
610 2 0 |a kapitál zahraničný 
610 2 0 |a investície zahraničné 
610 2 0 |a zákony 
610 2 0 |a PR 
610 2 0 |a spoločnosti zmiešané 
100 1 |a Piotrowski, Z.